000 01310nam0a2200253 i 4500
001 RU\NLR\bibl\1969263
005 20240921160047.0
035 _a(NLR Aleph) 001958131
090 _a3787967
_c3787967
100 _a20121120d2009 |||y0rusy50 ca
101 0 _arus
102 _aRU
105 _aa dm |||||
200 1 _aМультимедийные технологии как средство совершенствования профессиональной подготовки инженеров-экологов
_e(на примере дисциплины "Науки о Земле")
_eавтореферат диссертации на соискание ученой степени к. п. н.
_eспециальность 13.00.08 <Теория и метод. проф. образов.>
_fДьяченко Лариса Григорьевна
_g[Ульяновс. гос. ун-т]
210 _aУльяновск
_d2009
215 _a30 с.
_cил.
_d21
320 _aБиблиогр.: с. 28-30 (22 назв.)
686 _a13.00.08
_2oksvnk
700 1 _aДьяченко
_bЛ. Г.
_cканд. пед. наук
_gЛариса Григорьевна
_9197167
_3RU\NLR\AUTH\770197218
801 0 _aRU
_bNLR
_c20121120
_gRCR
801 1 _aRU
_bNLR
_c20121120
942 _cBOOK